Nepal Cities Map Quiz - Statistics

General Stats
  • This quiz has been taken 277 times
  • The average score is 5 of 12
Answers on the Map
Answers color-coded by a green-red scale on the quiz's map according to % correct below.
 
Answer Stats
Answer % Correct
Kathmandu
89%
Pokhara
59%
Biratnagar
46%
Nepalgunj
44%
Lukla
41%
Dharan
40%
Gorkha
39%
Birgunj
37%
Taplejung
37%
Siddharthanagar
31%
Chandannath
27%
Bhimdatta
24%
No matching quizzes found
Score Distribution
Percent of People with Each Score
Percentile by Number Answered
Your Score History
You have not taken this quiz